<?xml version="1.0" encoding="UTF-8"?>
<record
    xmlns:xsi="http://www.w3.org/2001/XMLSchema-instance"
    xsi:schemaLocation="http://www.loc.gov/MARC21/slim http://www.loc.gov/standards/marcxml/schema/MARC21slim.xsd"
    xmlns="http://www.loc.gov/MARC21/slim">

  <leader>01332nam a2200193 a 4500</leader>
  <controlfield tag="001">000000384</controlfield>
  <controlfield tag="005">20200929145333.0</controlfield>
  <controlfield tag="008">081126s2008    dr abc  r     001 0 spa d</controlfield>
  <datafield tag="040" ind1=" " ind2=" ">
    <subfield code="a">DO-SdBNP</subfield>
    <subfield code="b">spa</subfield>
    <subfield code="c">BNPHU</subfield>
  </datafield>
  <datafield tag="082" ind1=" " ind2=" ">
    <subfield code="a">352.3</subfield>
    <subfield code="b">C755m</subfield>
  </datafield>
  <datafield tag="110" ind1="2" ind2=" ">
    <subfield code="a">Consejo Presidencial del SIDA (Rep&#xFA;blica Dominicana)</subfield>
    <subfield code="9">1279</subfield>
  </datafield>
  <datafield tag="245" ind1="1" ind2="0">
    <subfield code="a">Memorias 2004-2008 :</subfield>
    <subfield code="b">respuesta de naci&#xF3;n /</subfield>
    <subfield code="c">coordinadora de edici&#xF3;n Gisela Mera.</subfield>
  </datafield>
  <datafield tag="260" ind1=" " ind2=" ">
    <subfield code="a">Santo Domingo :</subfield>
    <subfield code="b">COPRESIDA,</subfield>
    <subfield code="c">2008.</subfield>
  </datafield>
  <datafield tag="300" ind1=" " ind2=" ">
    <subfield code="a">168 p. :</subfield>
    <subfield code="b">il., map., retrs. ;</subfield>
    <subfield code="c">27 cm.</subfield>
  </datafield>
  <datafield tag="505" ind1="2" ind2=" ">
    <subfield code="t">Presentaci&#xF3;n --</subfield>
    <subfield code="t">Introducci&#xF3;n --</subfield>
    <subfield code="t">Resumen ejecutivo --</subfield>
    <subfield code="t">Contexto y rese&#xF1;a institucional --</subfield>
    <subfield code="t">Contexto hist&#xF3;rico --</subfield>
    <subfield code="t">Respuesta nacional al VIH y SIDA 2004-2008 -- .</subfield>
    <subfield code="t">Direcci&#xF3;n ejecutiva y unidad de gesti&#xF3;n de proyectos --</subfield>
    <subfield code="t">Anuario de acciones destacadas correspondientes a la gesti&#xF3;n gubernamental 2004-2008 --</subfield>
    <subfield code="t">Acciones e inversiones seg&#xFA;n bases poblacionales --</subfield>
    <subfield code="t">Ejes transversales --</subfield>
    <subfield code="t">Intervenciones y programas especiales --</subfield>
    <subfield code="t">Acciones seg&#xFA;n &#xE1;reas estrat&#xE9;gicas del plan estrat&#xE9;gico nacional para la prevenci&#xF3;n y el control de las ITS, el VIH y el SIDA 2007-2015 (PEN) --</subfield>
    <subfield code="t">Fortalecimiento y desarrollo institucional --</subfield>
    <subfield code="t">Lista de abreviaturas.</subfield>
  </datafield>
  <datafield tag="610" ind1="2" ind2="4">
    <subfield code="a">CONSEJO PRESIDENCIAL DEL SIDA</subfield>
    <subfield code="z">REP&#xDA;BLICA DOMINICANA</subfield>
    <subfield code="y">2004-2008</subfield>
    <subfield code="9">1280</subfield>
  </datafield>
  <datafield tag="653" ind1="0" ind2=" ">
    <subfield code="a">MEMORIAS E INFORMES</subfield>
  </datafield>
  <datafield tag="700" ind1="1" ind2=" ">
    <subfield code="a">Mera, Gisela,</subfield>
    <subfield code="9">1281</subfield>
  </datafield>
  <datafield tag="952" ind1=" " ind2=" ">
    <subfield code="0">0</subfield>
    <subfield code="1">0</subfield>
    <subfield code="5">4</subfield>
    <subfield code="7">5</subfield>
    <subfield code="8">DS</subfield>
    <subfield code="a">BNPHU</subfield>
    <subfield code="b">BNPHU</subfield>
    <subfield code="c">HD</subfield>
    <subfield code="d">2009-07-24</subfield>
    <subfield code="i">LF1</subfield>
    <subfield code="l">0</subfield>
    <subfield code="o">352.3 C755m</subfield>
    <subfield code="p">384-30</subfield>
    <subfield code="r">2020-06-25</subfield>
    <subfield code="t">e. 3</subfield>
    <subfield code="w">2020-06-25</subfield>
    <subfield code="y">LF1</subfield>
    <subfield code="Z">Pr&#xE9;stamo en sala</subfield>
  </datafield>
  <datafield tag="952" ind1=" " ind2=" ">
    <subfield code="0">0</subfield>
    <subfield code="1">0</subfield>
    <subfield code="7">2</subfield>
    <subfield code="8">PD</subfield>
    <subfield code="a">BNPHU</subfield>
    <subfield code="b">BNPHU</subfield>
    <subfield code="c">HD</subfield>
    <subfield code="d">2009-07-24</subfield>
    <subfield code="i">LF1</subfield>
    <subfield code="l">0</subfield>
    <subfield code="o">352.3 C755m</subfield>
    <subfield code="p">384-10</subfield>
    <subfield code="r">2020-06-25</subfield>
    <subfield code="w">2020-06-25</subfield>
    <subfield code="y">LF1</subfield>
    <subfield code="Z">No se presta</subfield>
  </datafield>
  <datafield tag="952" ind1=" " ind2=" ">
    <subfield code="0">0</subfield>
    <subfield code="1">0</subfield>
    <subfield code="7">2</subfield>
    <subfield code="8">PD</subfield>
    <subfield code="a">BNPHU</subfield>
    <subfield code="b">BNPHU</subfield>
    <subfield code="c">HD</subfield>
    <subfield code="d">2009-07-24</subfield>
    <subfield code="i">LF1</subfield>
    <subfield code="l">0</subfield>
    <subfield code="o">352.3 C755m</subfield>
    <subfield code="p">384-20</subfield>
    <subfield code="r">2020-06-25</subfield>
    <subfield code="t">e. 2</subfield>
    <subfield code="w">2020-06-25</subfield>
    <subfield code="y">LF1</subfield>
    <subfield code="Z">No se presta</subfield>
  </datafield>
  <datafield tag="999" ind1=" " ind2=" ">
    <subfield code="c">383</subfield>
    <subfield code="d">383</subfield>
  </datafield>
</record>
